LIBRARY & INFORMATION CENTRE, KCAET, TAVANUR

ONLINE PUBLIC ACCESS CATALOGUE (OPAC)

Principles of agricultural engineering, Vol 2 / (Record no. 9635)

MARC details
000 -LEADER
fixed length control field 00463cam a2200193ua 4500
003 - CONTROL NUMBER IDENTIFIER
control field OSt
008 - FIXED-LENGTH DATA ELEMENTS--GENERAL INFORMATION
fixed length control field 251208b |||||||| |||| 00| 0 eng d
041 ## - LANGUAGE CODE
Language code of text/sound track or separate title eng
082 ## - DEWEY DECIMAL CLASSIFICATION NUMBER
Classification number 631.1
Item number MIC/PR
100 ## - MAIN ENTRY--AUTHOR NAME
Personal name Michael, A.M.
245 ## - TITLE STATEMENT
Title Principles of agricultural engineering, Vol 2 /
250 ## - EDITION STATEMENT
Edition statement 2 /
260 ## - PUBLICATION, DISTRIBUTION, ETC. (IMPRINT)
Place of publication New Delhi :
Name of publisher Jain Brothers ,
Year of publication 1981.
300 ## - PHYSICAL DESCRIPTION
Number of Pages 655 ; .
500 ## - GENERAL NOTE
General note * CSS
700 1# - ADDED ENTRY--PERSONAL NAME
Personal name Ojha, T.P.
942 ## - ADDED ENTRY ELEMENTS (KOHA)
Koha item type Books
Holdings
Withdrawn status Lost status Damaged status Home library Current library Date acquired Full call number Accession Number Koha item type
      KAUAET KAUAET 07/04/2012 631.1 MIC/PR 18354 Books
      KAUAET KAUAET 07/04/2012 631.1 MIC/PR 18356 Books
      KAUAET KAUAET 07/04/2012 631.1 MIC/PR 18355 Books
      KAUAET KAUAET 07/04/2012 631.1 MIC/PR 20717 Books
      KAUAET KAUAET 07/04/2012 631.1 MIC/PR 20721 Books
      KAUAET KAUAET 07/04/2012 631.1 MIC/PR 20723 Books
      KAUAET KAUAET 07/04/2012 631.1 MIC/PR 20722 Books
      KAUAET KAUAET 11/02/1986 631.1 MIC/PR 14849 Books
free website counter